Moving towards the new IS : managing change and the transition

Αποθηκεύτηκε σε:
Λεπτομέρειες βιβλιογραφικής εγγραφής
Μορφή: Βιβλίο
Γλώσσα:English
Δημοσίευση: United States of America : Information manangement forum, 1995
Σειρά:Technology research report
Θέματα:
Ετικέτες: Προσθήκη ετικέτας
Δεν υπάρχουν, Καταχωρήστε ετικέτα πρώτοι!

MARC

LEADER 00000nam a2200000 i 4500
001 1/56052
008 980504s1995 eng d
020 |a 1557111561 
035 |l 10027957 
040 |a GR-MY-UA  |b gre  |e aacr 
041 0 |a eng 
082 0 |a 658.406 
245 1 0 |a Moving towards the new IS :  |b managing change and the transition 
260 |a United States of America :   |b Information manangement forum,   |c 1995 
300 |a 66 p. 
490 1 |a Technology research report 
500 |a Includes Information Management Forum Report, December 1997 
650 0 0 |a Organizational change  |x Management. 
650 0 0 |a Information technology  |x Management. 
830 0 |a Technology research report 
852 |a INST  |b CHIOS  |e 19980504  |h 658.406 MOV  |p 005200016612  |q 005200016612  |t BK  |y 0 
901 |a BIBL-1998-2 
909 |a Χ  |b 054529 
909 |a Χ  |b 054530 
922 |a 2ΕΛΗ  |b 199803  |c ΤΔΕ  |d ΠΑΠΑΣΩΤΗΡΙΟΥ